Tak bylo : povesti i rasskazy /

Bibliographic Details
Main Author: Kozhevnikov, Vadim, 1909-1984
Format: Book
Language:Russian
Published: Moskva : Voennoe izd-vo, 1980.

MARC

Tag First Indicator Second Indicator Subfields
LEADER 00000cam a2200000Ia 4500
001 in00002000307
005 20151031124740.0
008 810713s1980 ru 000 1 rusrd
035 |a (OCoLC)ocm07580644 
040 |a CUT  |c CUT  |d OCL  |d TXA  |d UtOrBLW 
049 |a TXAM 
090 |a PG3476.K67  |b T3 1980 
100 1 |a Kozhevnikov, Vadim,  |d 1909-1984. 
245 1 0 |a Tak bylo :  |b povesti i rasskazy /  |c Vadim Kozhevnikov. 
264 1 |a Moskva :  |b Voennoe izd-vo,  |c 1980. 
300 |a 495 pages ;  |c 21 cm. 
336 |a text  |b txt  |2 rdacontent 
337 |a unmediated  |b n  |2 rdamedia 
338 |a volume  |b nc  |2 rdacarrier 
948 |a cataloged  |b h  |c 2004/10/22  |d c  |e spoltoratski  |f 12:42:16 pm 
994 |a E0  |b TXA 
999 |a MARS 
999 f f |s 5366bcc2-1caa-37f0-b344-fb7960be73b4  |i 3c16fe18-ec00-3fe4-96ff-fadc312c2764  |t 0 
952 f f |p ric  |a Texas A&M University  |b Rellis Campus  |c Joint Library Facility  |d Remote Storage  |t 0  |e PG3476.K67 T3 1980  |h Library of Congress classification  |i unmediated -- volume  |m A14831378425 
998 f f |a PG3476.K67 T3 1980  |t 0  |l Remote Storage